[Event "1st Serbian League Men"]
[Site "Zlatibor SRB"]
[Date "2007.08.25"]
[Round "5"]
[White "Pavlovic,Milos"]
[Black "Vuckovic,Bo"]
[Result "1/2-1/2"]
[WhiteElo "2541"]
[BlackElo "2563"]

1.e4 c5 2.Nf3 Nc6 3.Bb5 d6 4.O-O Bd7 5.Re1 Nf6 6.h3 g6 7.c3 Ne5 8.Bxd7+ Nfxd7
9.Nxe5 dxe5 10.d3 Bg7 11.Be3 O-O 12.Qb3 Qc7 13.Nd2  1/2-1/2

[Event "16th VR Bank Open"]
[Site "Apolda GER"]
[Date "2007.08.26"]
[Round "7"]
[White "Heinemann,E"]
[Black "Brueggemann,Jo"]
[Result "0-1"]
[WhiteElo "2211"]
[BlackElo "2335"]

1.e4 c5 2.Nf3 Nc6 3.Bb5 e6 4.Bxc6 bxc6 5.Qe2 Qc7 6.b3 e5 7.d3 d6 8.h3 Be7
9.O-O f5 10.exf5 Bxf5 11.Bb2 Nh6 12.Nbd2 O-O 13.Rae1 Rae8 14.Ne4 Nf7 15.Ng3 Bg6
16.Qd2 Nd8 17.Nh2 Ne6 18.Ne2 Bg5 19.Qc3 Nd4 20.Nxd4 cxd4 21.Qc4+ Bf7 22.Qa4 Re6
23.Bc1 Bxc1 24.Rxc1 Rg6 25.f3 Be6 26.Kh1 Rf4 27.Rce1 Bd5 28.Qb4 h5 29.Qd2 Qd8
30.Rf2 Qh4 31.Ref1 Rf7 32.Qe2 Rgf6 33.Kg1 g6 34.Qd2 Kg7 35.Qe1 c5 36.Re2 Qg5
37.Ref2 Rf4 38.Qe2 Bb7 39.Qe1 Qd8 40.Qd2 Qb6 41.a4 Qd8 42.Qe1 Qf6 43.Qe2 Kf8
44.Qd2 Bc8 45.Qe1 Qg5 46.Kh1 Ke8 47.Re2 Kd7 48.Qa5 Qd8 49.Qxd8+ Kxd8 50.Rfe1 Kc7
51.Nf1 Kb6 52.Nd2 Bb7 53.Kg1 Bd5 54.Ne4 Bxe4 55.Rxe4 Ka5 56.Rxf4 Rxf4 57.Kf2 Kb4
58.Ke2 Kc3 59.Kd1 Rf5 60.Re4 d5 61.Re2 g5 62.Re1 g4 63.hxg4 hxg4 64.fxg4 Rg5
65.Re2 Rxg4 66.Rxe5 Rxg2 67.Rxd5 Rd2+ 68.Ke1 Rxc2 69.Rxc5+ Kxd3 70.b4 Re2+
71.Kf1 Re7 72.b5 Kd2 73.a5 Rf7+ 74.Kg2 d3 75.b6 axb6 76.axb6 Ke3 77.Rd5 d2
78.Rd6 Rg7+ 79.Kh3 Rg6 80.Rxg6 d1=Q 81.Kh4 Kf4 82.Rf6+ Ke5 83.b7 Qh1+ 84.Kg3 Qxb7
85.Rf3 Ke4 86.Kg2 Qg7+ 87.Rg3 Qb2+ 88.Kh1 Kf4 89.Rg2  0-1

[Event "Euwe Stimulans"]
[Site "Arnhem NED"]
[Date "2007.08.26"]
[Round "9"]
[White "Hendriks,W"]
[Black "Muhren,B"]
[Result "1/2-1/2"]
[WhiteElo "2420"]
[BlackElo "2334"]

1.e4 c5 2.Nf3 Nc6 3.Bb5 d6 4.Bxc6+ bxc6 5.O-O Bg4 6.d3 Nf6 7.Nbd2 Nd7 8.h3 Bxf3
9.Qxf3 g6 10.Nc4 Bg7 11.Rb1 O-O 12.Qe2 Nb6 13.Ne3 Rb8 14.b3 Na4 15.Nd1 Nc3
16.Nxc3 Bxc3 17.Bh6 Bg7 18.Bxg7 Kxg7 19.Qd2 e5 20.f4 f6 21.Rf3 exf4 22.Rxf4 Qe7
23.Rbf1 Rbe8 24.Qa5 Qb7 25.Kh1 Re5 26.Qd2 Qe7 27.R4f2 Rf7 28.a3 d5 29.exd5 cxd5
30.d4 cxd4 31.Qxd4 Rh5 32.Rf4 Rg5 33.a4 Qe2 34.R1f2 Qe6 35.b4 Re5 36.b5 g5
37.R4f3 Re4 38.Qc3 Rxa4 39.Rf5 h6 40.Qd3 d4 41.Rf1 Qe3 42.Qd1 Qe4 43.R5f3 Rc4
44.Rd3 Re7 45.Qd2 Qe2 46.Rf2 Qe1+ 47.Qxe1 Rxe1+ 48.Kh2 Rb4 49.c3 dxc3 50.Rxc3 Rxb5
51.Rc7+ Kg6 52.Rxa7 Re6 53.Rfa2 h5 54.R7a6 Rxa6 55.Rxa6 h4 56.Ra2 Rb1 57.Ra5 Rc1
58.Rb5 Re1 59.Ra5 Re5 60.Ra6 Kf5 61.Kg1 Rb5 62.Kf2 Ke5 63.Ra3 f5 64.Kf3 Rd5
65.Rb3 Rd4 66.Rb5+ Kf6 67.Rb6+ Kg7 68.Ra6 Rd3+ 69.Kf2 Kf7 70.Rb6 Ra3 71.Rc6 Ra8
72.Rb6 Re8 73.Kf3 Re6 74.Rb5 Kg6 75.Rb8 Kh5 76.Rh8+ Kg6 77.Ra8 Rb6 78.Rc8 Rb3+
79.Kf2 Ra3 80.Rb8 Ra5 81.Kf3 Ra3+ 82.Kf2 Rd3 83.Rb6+ Kh5 84.Rb5 Kg6 85.Rb6+ Kh5
86.Rb5 f4 87.Rb6 Rg3 88.Ra6 f3 89.gxf3 Rxh3 90.Kg2 Rg3+ 91.Kf2 g4 92.Ra5+ Kg6
93.Ra6+ Kf5 94.Ra5+ Ke6 95.Ra6+ Ke5 96.Ra5+ Ke6  1/2-1/2

[Event "zt 3.2"]
[Site "Dhaka BAN"]
[Date "2007.08.26"]
[Round "5"]
[White "Rohit,G"]
[Black "Gillani,T"]
[Result "1-0"]
[WhiteElo "2470"]
[BlackElo "2286"]

1.e4 c5 2.Nf3 Nc6 3.Bb5 g6 4.Bxc6 dxc6 5.d3 Bg7 6.h3 e5 7.Nc3 Be6 8.Be3 Qa5
9.O-O h6 10.Nd2 b6 11.a3 Nf6 12.Nf3 Nd7 13.Qd2 g5 14.Rfb1 O-O 15.b4 Qa6 16.Ne2 Rfd8
17.Ng3 c4 18.Nh5 cxd3 19.cxd3 Bh8 20.d4 exd4 21.Bxd4 Ne5 22.Nxg5 Rxd4 23.Qxd4 Nf3+
24.Nxf3 Bxd4 25.Nxd4 Qc4 26.Rd1 Rd8 27.Nf6+ Kh8 28.Nf3 Rc8 29.Rd4 Qc3 30.Rad1 Kg7
31.e5 c5 32.Rd8 cxb4 33.axb4 a5 34.bxa5 bxa5 35.R8d3 Qc5 36.Re3 Qc2 37.Rd6 Qb1+
38.Kh2 Rc1 39.Rd8 Rc8 40.Nd2 Rxd8 41.Nxb1 a4 42.Rg3+ Kh8 43.Na3 Bf5 44.Nb5 Bg6
45.e6 Rb8 46.e7  1-0

[Event "Open A"]
[Site "Polanica Zdroj POL"]
[Date "2007.08.26"]
[Round "10"]
[White "Socko,M"]
[Black "Dobrowolski,A"]
[Result "1-0"]
[WhiteElo "2479"]
[BlackElo "2338"]

1.e4 c5 2.Nf3 Nc6 3.Bb5 g6 4.Bxc6 dxc6 5.d3 Bg7 6.h3 e5 7.Be3 Qe7 8.Qd2 h6
9.Qc3 Nf6 10.Bxc5 Qe6 11.Nbd2 b6 12.Ba3 Nd7 13.Qb3 Qf6 14.Nc4 c5 15.Ne3 O-O
16.Qc3 Qd8 17.b3 f5 18.O-O-O f4 19.Qc4+ Kh8 20.Ng4 Qe7 21.Bb2 Rb8 22.h4 b5
23.Qc3 b4 24.Qd2 a5 25.Qe2 a4 26.Nd2 axb3 27.axb3 Nb6 28.Nc4 Nxc4 29.dxc4 Ra8
30.h5 g5 31.Rd5 Be6 32.Rhd1 Bxd5 33.Rxd5 Rfd8 34.f3 Qf7 35.Nxe5 Qxh5 36.Qd1 Qe8
37.Qd3 Kg8 38.Nc6 Bxb2+ 39.Kxb2 Rxd5 40.cxd5 Qd7 41.e5 Kg7 42.Qb5 Qc8 43.d6 Kh7
44.Ne7 Qe6 45.Qxc5 Kg7 46.Qd4 Kf7 47.Nc6  1-0

[Event "XIX Open"]
[Site "Porto San Giorgio ITA"]
[Date "2007.08.28"]
[Round "8"]
[White "Hamdouchi,H"]
[Black "Rigo,Ja"]
[Result "1-0"]
[WhiteElo "2576"]
[BlackElo "2292"]

1.e4 c5 2.Nf3 Nc6 3.Bb5 e6 4.O-O Nge7 5.Re1 a6 6.Bxc6 Nxc6 7.d4 cxd4 8.Nxd4 Be7
9.Nxc6 dxc6 10.Qg4 g6 11.Bh6 e5 12.Qg3 f6 13.Qb3 Bf8 14.Bxf8 Kxf8 15.Nc3 Qe7
16.Qb6 a5 17.Rad1 Kg7 18.Rd3 Ra6 19.Qe3 b5 20.Red1 Be6 21.Rd6 Re8 22.Nxb5 Rb8
23.Rxe6 Qxe6 24.Nc7 Qxa2 25.Nxa6 Rxb2 26.Rd7+ Kh8 27.h4 Qb1+ 28.Kh2 Rb7 29.Qh6  1-0

[Event "1st Serbian League Men"]
[Site "Zlatibor SRB"]
[Date "2007.08.28"]
[Round "7"]
[White "Popovic,Du"]
[Black "Vuckovic,Bo"]
[Result "1/2-1/2"]
[WhiteElo "2551"]
[BlackElo "2563"]

1.e4 c5 2.Nf3 Nc6 3.Bb5 d6 4.O-O Bd7 5.Re1 Nf6 6.c3 a6 7.Ba4 c4 8.Na3 b5
9.Bc2 e5 10.b3 cxb3 11.axb3 Bg4 12.d4 exd4 13.cxd4 Be7 14.Bb2 d5 15.e5 Nd7
16.Bb1 Nf8 17.Nc2 Ne6 18.Ne3 Bxf3 19.Qxf3 Ncxd4 20.Bxd4 Nxd4 21.Qg4 Ne6 22.Rd1 Qc7
23.Nxd5 Qxe5 24.Bf5 h5 25.Qf3 Rd8 26.Bxe6 fxe6 27.Nc3 Rxd1+ 28.Rxd1 Rf8 29.Qc6+ Kf7
30.Ne4 Rd8 31.Re1 Bb4 32.Rf1 Rd5 33.f3 Qd4+ 34.Kh1 Qd3 35.Qc7+ Be7 36.Rg1 Qxb3
37.f4 Qc4 38.Ng5+ Rxg5 39.Qxc4 bxc4 40.fxg5 Bxg5 41.Rb1 c3 42.Rb7+ Kg6 43.Rc7 Bf6
44.Kg1 a5 45.Rc4 Be5  1/2-1/2

[Event "15th Open"]
[Site "Nikea GRE"]
[Date "2007.08.29"]
[Round "8"]
[White "Banikas,H"]
[Black "Khetsuriani,B"]
[Result "1-0"]
[WhiteElo "2567"]
[BlackElo "2367"]

1.e4 c5 2.Nf3 Nc6 3.Bb5 g6 4.Bxc6 bxc6 5.O-O Bg7 6.c3 d6 7.h3 Nf6 8.e5 Nd5
9.exd6 Qxd6 10.Na3 Nb6 11.Qe2 O-O 12.d4 cxd4 13.Nxd4 Bxd4 14.cxd4 Qxd4 15.Qxe7 Ba6
16.Re1 Nd5 17.Qd6 Qb4 18.Qxb4 Nxb4 19.Be3 Rfd8 20.b3 f6 21.Rec1 Rd7 22.Rc3 Rad8
23.Nc2 Rd1+ 24.Rxd1 Rxd1+ 25.Kh2 Rd3 26.Nxb4  1-0

[Event "1st Serbian League Men"]
[Site "Zlatibor SRB"]
[Date "2007.08.29"]
[Round "8"]
[White "Naiditsch,A"]
[Black "Damljanovic,B"]
[Result "1/2-1/2"]
[WhiteElo "2652"]
[BlackElo "2606"]

1.e4 c5 2.Nf3 Nc6 3.Bb5 g6 4.Bxc6 bxc6 5.O-O Bg7 6.Re1 f6 7.c3 Nh6 8.d4 cxd4
9.cxd4 Nf7 10.Nc3 d6 11.h3 O-O 12.Be3 Bd7 13.Qc2 Qa5 14.Rad1 Rab8 15.b3 Rb7
16.Nd2 Rc8 17.Nc4 Qh5 18.Qc1 Rbb8 19.Bf4 g5 20.Bg3 Qg6 21.Qa3 Ra8 22.Qa6 Bf8
23.f3 Nd8 24.d5 c5 25.Bh2 Rcb8 26.g4 Nf7 27.Rb1 Ne5 28.Bxe5 fxe5 29.Kg2 Bg7
30.Ne3 Bf6 31.a3 Rb6 32.Qa5 Qe8 33.b4 cxb4 34.axb4 Rb7 35.Rec1 Rab8 36.Nc4 Rc8
37.Nd1 h5 38.Nde3 h4 39.Kf2 Bb5 40.Rc2 Rcb8 41.Qa3 Rc7 42.Rbc1 a6 43.Na5 Rxc2+
44.Rxc2 Rc8 45.Rc3 Rxc3 46.Qxc3 Qb8 47.Nec4 Qa7+ 48.Qe3 Qd4 49.Qxd4 exd4
50.Ke2 Kf7 51.Kd3 e5 52.Nc6 Be7 53.Na7 Bxc4+ 54.Kxc4 Bd8 55.Kd3 Ke8 56.Nc6 Kd7
57.Nb8+ Kc8 58.Nc6 Bc7 59.Kc4 Kb7 60.Na5+ Ka7 61.Nc6+ Kb7 62.Na5+  1/2-1/2

[Event "1st Serbian League Women"]
[Site "Zlatibor SRB"]
[Date "2007.08.29"]
[Round "9"]
[White "Savic,Ma"]
[Black "Bjeloglav,M"]
[Result "1-0"]
[WhiteElo "2141"]
[BlackElo "2008"]

1.e4 c5 2.Nf3 Nc6 3.Bb5 e6 4.O-O Nge7 5.c3 a6 6.Ba4 b5 7.Bc2 d5 8.e5 d4 9.Be4 dxc3
10.dxc3 Bb7 11.a4 b4 12.Qe2 Qc7 13.Rd1 Ng6 14.Nbd2 Rd8 15.Nc4 Be7 16.Bg5 O-O
17.h4 h6 18.Bxe7 Ncxe7 19.Bxb7 Qxb7 20.Nd6 Qc6 21.cxb4 cxb4 22.Rd4 Nd5 23.Rc4 Qb6
24.Rg4 Rd7 25.a5 Qc7 26.g3 Qc6 27.Rc4 Qa8 28.Rac1 Nge7 29.Nd4 Rfd8 30.Nc6 Nxc6
31.Rxc6 Qa7 32.Rxa6 Qd4 33.Rac6 Ne7 34.R6c4 Qd5 35.a6 Qa5 36.Rc5 Qa4 37.Rc7 Qa5
38.Rxd7 Rxd7 39.Qb5 Qxb5 40.Nxb5 Rd8 41.a7 Ra8 42.Rc7 Kf8 43.Kf1 Rd8 44.Ke2 f6
45.exf6 gxf6 46.Rd7 Ra8 47.Nc7 Rxa7 48.Nxe6+ Kf7 49.Rxa7 Kxe6 50.Rxe7+ Kxe7
51.Kd3 Kd6 52.Kc4 Ke5 53.Kxb4 Ke4 54.Kc5 Kf3 55.b4 Kxf2 56.b5 Kxg3 57.b6 f5
58.b7 f4 59.b8=Q  1-0

[Event "1st Serbian League Women"]
[Site "Zlatibor SRB"]
[Date "2007.08.29"]
[Round "9"]
[White "Muzychuk,A"]
[Black "Chelushkina,I"]
[Result "1/2-1/2"]
[WhiteElo "2456"]
[BlackElo "2340"]

1.e4 c5 2.Nf3 Nc6 3.Bb5 g6 4.O-O Bg7 5.Re1 e5 6.Bxc6 dxc6 7.d3 b6 8.Nbd2 Nh6
9.Nc4 f6 10.a3 a5 11.a4 Nf7 12.c3 Be6 13.Be3 Rb8 14.Qe2 Qe7 15.d4 cxd4 16.cxd4 Qb4
17.Rec1 O-O 18.dxe5 fxe5 19.Qd2 Qxd2 20.Nfxd2 Rfd8 21.Rc2 c5 22.Kf1 Rd7 23.Ra3 Bf6
24.Rb3 Bd8 25.Ke2 Bc7 26.Rd3 Nd8 27.Nb1 Rxd3 28.Kxd3 Nc6 29.Ke2 Nd4+ 30.Bxd4 exd4
31.g3 Bd7 32.b3 b5 33.axb5 Bxb5 34.Nd2 Ba6 35.Kd1 g5 36.Nb2 Rb5 37.Nd3 Bd6
38.f3 Be7 39.Ra2 Bc8 40.Kc2 Be6 41.Nc4 Bd8 42.Ra4 Bc7 43.f4 gxf4 44.gxf4 Bg4
45.Ra1 Be2 46.Rg1+ Kf8 47.Nd2 Rb6 48.Rg5 Rc6 49.Nc4 h6 50.Rg1 Bxd3+ 51.Kxd3 Bxf4
52.Rf1 Rf6 53.Nxa5 Rf7 54.h3 Bd6 55.Rxf7+ Kxf7 56.Nc4 Ke6 57.Ke2 Bf4 58.Kf3 Bc1
59.Ke2 Kf6 60.Kd1 Bf4 61.Ke2 Bc7 62.Nb2 Kg5 63.Kf3 Bd6 64.Nd3 Be7 65.Ne5 Kf6
66.Nd3 Kg5 67.Kg3 Bd6+ 68.Kg2 Bf8 69.Kf3 Be7 70.Nf4 Bd6 71.h4+ Kf6 72.Nd3 h5
73.Nb2 Ke6 74.Nd3 Kf6  1/2-1/2

[Event "1st Serbian League Women"]
[Site "Zlatibor SRB"]
[Date "2007.08.31"]
[Round "11"]
[White "Savic,Ma"]
[Black "Maksimovic,S"]
[Result "1/2-1/2"]
[WhiteElo "2141"]
[BlackElo "2259"]

1.e4 c5 2.Nf3 Nc6 3.Bb5 g6 4.Bxc6 dxc6 5.d3 Bg7 6.Nc3 e5 7.Be3 b6 8.O-O h6
9.a3 Bg4 10.h3 Bxf3 11.Qxf3 Nf6 12.b4 O-O 13.bxc5 b5 14.a4 b4 15.Ne2 Nd7
16.Rab1 Qa5 17.Bd2 Rab8 18.c3 b3 19.Rb2 Nxc5 20.Rfb1 Qxa4 21.d4 Ne6 22.dxe5 Rfd8
23.Nc1 c5 24.Nxb3 Rxb3 25.Rxb3 Rxd2 26.Rb8+ Nf8 27.e6 fxe6 28.g3 Rd7 29.R8b7 Qc6
30.Rxd7 Nxd7 31.Qe3 Kh7 32.f4 Nf6 33.e5 Nd5 34.Qe4 c4 35.Kh2 Qc5 36.Qf3 Qa3
37.Rb7 Qa2+ 38.Qg2 Qa1 39.Qf2 Qxc3 40.Qxa7 Qd2+ 41.Kh1 Qe1+ 42.Kh2 Qe2+ 43.Kh1  1/2-1/2

[Event "LNA Copa Puma"]
[Site "Argentina ARG"]
[Date "2007.09.01"]
[Round "4"]
[White "Galli,G"]
[Black "Lopez,Di"]
[Result "0-1"]
[WhiteElo "2047"]
[BlackElo "2114"]

1.e4 c5 2.Nf3 Nc6 3.Bb5 g6 4.Bxc6 dxc6 5.O-O Bg7 6.d3 e5 7.Be3 Qe7 8.a4 Nf6
9.Nc3 O-O 10.a5 Rd8 11.Qe2 Nd7 12.Na4 b5 13.axb6 axb6 14.c4 Ba6 15.Nd2 b5
16.Nc3 Nf8 17.Nb3 Ne6 18.Na5 Qc7 19.f4 exf4 20.Bf2 b4 21.Na4 Nd4 22.Qd2 Qxa5
23.Bxd4 Bxd4+ 24.Kh1 Be3 25.Qe2 Bb5 26.cxb5 cxb5 27.Nc3 Qxa1 28.Rxa1 Rxa1+
29.Nd1 c4 30.g3 Rxd3 31.Qg4 Raxd1+ 32.Kg2 R1d2+ 33.Kh3 f3 34.Qxf3 Bg1 35.Qf6 Rxh2+
36.Kg4 h5+  0-1

[Event "FSIM September"]
[Site "Budapest HUN"]
[Date "2007.09.02"]
[Round "2"]
[White "Fowler,S"]
[Black "Arjun,V"]
[Result "1-0"]
[WhiteElo "2204"]
[BlackElo "2325"]

1.e4 c5 2.Nf3 Nc6 3.Bb5 e6 4.Bxc6 bxc6 5.d3 Ne7 6.Qe2 f6 7.Nh4 g6 8.f4 Bg7
9.O-O O-O 10.c4 d6 11.Nc3 Rb8 12.Be3 Qa5 13.Rae1 f5 14.e5 d5 15.Bc1 d4 16.Nd1 Qxa2
17.h3 Bd7 18.g4 Be8 19.Nf3 Bf7 20.Kh1 Kh8 21.Rg1 h6 22.Rg2 Bg8 23.Reg1 Bh7
24.Nh4 Rf7 25.gxf5 gxf5 26.Qh5 Rbf8 27.Nf2 Qb3 28.Kh2 Qb8 29.Nh1 Qe8 30.Qd1 Rg8
31.Qa4 Qb8 32.Ng3 Bf8 33.Nh5 Rxg2+ 34.Rxg2 Qb6 35.Nf6 Ng8 36.Nxg8 Bxg8 37.Qd1 Bg7
38.Qh5 Qd8 39.Bd2 Qe8 40.Ba5 Bh7 41.Bc7 Re7 42.Qxe8+ Rxe8 43.Bd6 Bf8 44.Bxf8 Rxf8
45.Ng6+ Bxg6 46.Rxg6 Rb8 47.Rxh6+ Kg7 48.Rxe6 Rxb2+ 49.Kg3 Rd2 50.Rxc6 Rxd3+
51.Kh4 a5 52.Rxc5 a4 53.Ra5 a3 54.Kg5 Rb3 55.Ra7+ Kf8 56.Kf6 Kg8 57.e6 d3
58.Ra8+ Kh7 59.e7 Rb6+ 60.Kxf5 d2 61.e8=Q d1=Q 62.Qh8+  1-0

[Event "60th ch-RUS Higher League"]
[Site "Krasnoyarsk RUS"]
[Date "2007.09.03"]
[Round "1"]
[White "Alavkin,A"]
[Black "Tregubov,P"]
[Result "1/2-1/2"]
[WhiteElo "2500"]
[BlackElo "2599"]

1.e4 c5 2.Nf3 Nc6 3.Bb5 d6 4.O-O Bd7 5.Re1 Nf6 6.c3 a6 7.Bf1 Bg4 8.h3 Bxf3
9.Qxf3 g6 10.Qd1 Bh6 11.Na3 e5 12.Nc2 O-O 13.d4 Bxc1 14.Rxc1 exd4 15.cxd4 Re8
16.Qd3 Qb6 17.Qf3 Kg7 18.Ne3 Qd8 19.e5 dxe5 20.dxc5 Qe7 21.Qg3 Nd4 22.Nc4 Qxc5
23.Rxe5 Rxe5 24.Qxe5 Qxe5 25.Nxe5 Re8 26.Rd1 Rxe5  1/2-1/2

[Event "2nd Women's"]
[Site "Baku AZE"]
[Date "2007.09.04"]
[Round "1"]
[White "Socko,M"]
[Black "Velikhanli,F"]
[Result "1-0"]
[WhiteElo "2479"]
[BlackElo "2283"]

1.e4 c5 2.Nf3 Nc6 3.Bb5 g6 4.Bxc6 dxc6 5.d3 Bg7 6.h3 Nf6 7.Nc3 Nd7 8.Be3 e5
9.Qd2 h6 10.g4 Qe7 11.O-O-O Nf8 12.Ng1 Ne6 13.Nge2 Nd4 14.Rdf1 Nf3 15.Qd1 b6
16.Ng3 Qf6 17.Kb1 Bd7 18.Nce2 O-O-O 19.c3 Be6 20.Nc1 c4 21.Qa4 Kb7 22.Rd1 h5
23.dxc4 hxg4 24.Nd3 Bf8 25.c5 b5 26.Qa5 Rxh3 27.Nb4 Bd7 28.Qa6+ Kb8 29.Rxd7 Rxh1+
30.Nxh1 Rxd7 31.Nxc6+ Kc7 32.Qxa7+  1-0

[Event "12th ch-Asia w"]
[Site "Tehran IRI"]
[Date "2007.09.04"]
[Round "2"]
[White "Zhang Jilin"]
[Black "Pham Bich Ngoc"]
[Result "1-0"]
[WhiteElo "2338"]
[BlackElo "2103"]

1.e4 c5 2.Nf3 Nc6 3.Bb5 a6 4.Bxc6 bxc6 5.d3 d6 6.h3 g6 7.Bd2 Bg7 8.Bc3 e5
9.O-O Be6 10.Nbd2 Nh6 11.a3 O-O 12.b4 cxb4 13.axb4 f6 14.Ra5 d5 15.Qa1 Qb6
16.d4 dxe4 17.Nxe4 Bd5 18.Nfd2 Bxe4 19.Nxe4 exd4 20.Bxd4 Qxb4 21.Ra4 Qb5
22.Ra5 Qb4 23.Ra4 Qb5 24.Ra5 Qb4 25.Rb1 Qe7 26.Re1 Qf7 27.Rxa6 Rxa6 28.Qxa6 Qd5
29.Qa1 Qf7 30.Qa4 Qd5 31.Nc3 Qd7 32.Qc4+ Kh8 33.Rd1 Qf5 34.Ne2 Re8 35.Be3 Rc8
36.Rd6 Qb5 37.Qe6 Rf8 38.Bxh6 Bxh6 39.Rxc6 Qb1+ 40.Kh2 Qe1 41.Kg3 f5 42.Rc7 Bg7
43.Qe7 Rg8 44.Nf4 Qxe7 45.Rxe7 Rc8 46.Re2 Rc3+ 47.Kh2 Kg8 48.g3 Kf7 49.Kg2 g5
50.Nd3 Bf6 51.Kf1 h6 52.Rd2 Rc4 53.Ke2 Bc3 54.Rd1 Bf6 55.Ne1 Re4+ 56.Kf1 Bc3
57.Ng2 f4 58.gxf4 gxf4 59.f3 Rc4 60.Rd7+ Kf6 61.Rd6+ Kg7 62.Nh4 Be5 63.Nf5+ Kg8
64.Nxh6+ Kg7 65.Re6 Bf6 66.Ng4 Bh4 67.Re4 Rxc2 68.Rxf4 Rc1+ 69.Ke2 Rh1 70.Ne3 Bg5
71.Rg4 Kh6 72.Nf5+ Kg6 73.h4 Kxf5 74.hxg5 Ke5 75.g6  1-0

[Event "Masters"]
[Site "Trieste ITA"]
[Date "2007.09.04"]
[Round "5"]
[White "Hendriks,W"]
[Black "Baklan,V"]
[Result "1/2-1/2"]
[WhiteElo "2420"]
[BlackElo "2648"]

1.e4 c5 2.Nf3 Nc6 3.Bb5 d6 4.Bxc6+ bxc6 5.O-O Bg4 6.d3 Nf6 7.Nbd2 Nd7 8.h3 Bh5
9.b3 e5 10.c3 Be7 11.Qc2 O-O 12.d4 exd4 13.cxd4 Bg6 14.Bb2 Re8 15.Rfe1 Bf8
16.Qc3 Rc8 17.Rac1 d5 18.exd5 Rxe1+ 19.Nxe1 cxd5 20.Nd3 Bxd3  1/2-1/2

[Event "2nd Women's"]
[Site "Baku AZE"]
[Date "2007.09.06"]
[Round "3"]
[White "Velikhanli,F"]
[Black "Cramling,P"]
[Result "0-1"]
[WhiteElo "2283"]
[BlackElo "2533"]

1.e4 c5 2.Nf3 Nc6 3.Bb5 e6 4.O-O Nge7 5.Re1 Nd4 6.Nxd4 cxd4 7.Be2 g6 8.d3 Bg7
9.Bg5 f6 10.Bd2 O-O 11.Qc1 b6 12.c3 Nc6 13.Bh6 Bb7 14.Bxg7 Kxg7 15.Nd2 Rc8
16.Nb3 Qe7 17.Qd2 dxc3 18.bxc3 f5 19.exf5 Rxf5 20.Bg4 Rf7 21.Qe3 Rcf8 22.Re2 Qd6
23.Nd2 Rf4 24.Bf3 Ba6 25.Bxc6 Qxc6 26.c4 Kg8 27.Ne4 Bb7 28.f3 Qc7 29.Ng3 Qd6
30.a4 Rc8 31.Ne4 Bxe4 32.fxe4 Rcf8 33.e5 Qb4 34.h3 R4f5 35.Qd4 R8f7 36.Rb2 Qf8
37.a5 bxa5 38.Rxa5 Rf1+ 39.Kh2 Qh6 40.Raa2 Qc1 41.Rf2 Rh1+ 42.Kg3 Qg5+ 43.Qg4 Qe3+
44.Rf3 Qxe5+ 45.Kh4 Rf1 46.Rxf7 Rxf7 47.d4 Qe1+ 48.g3 Qe3 49.Qg5 Qxd4+ 50.g4 Qe4
51.Qd8+ Kg7 52.Qa5 h6 53.Qc3+ e5 54.Ra6 Rf3 55.Rxg6+ Kxg6  0-1

[Event "Masters"]
[Site "Trieste ITA"]
[Date "2007.09.06"]
[Round "7"]
[White "Mazi,L"]
[Black "Hilmer,F"]
[Result "1-0"]
[WhiteElo "2352"]
[BlackElo "2221"]

1.e4 c5 2.Nf3 Nc6 3.Bb5 g6 4.O-O Bg7 5.Re1 Nf6 6.e5 Nd5 7.Nc3 Nc7 8.Bxc6 dxc6
9.d3 Bg4 10.h3 Bxf3 11.Qxf3 O-O 12.Re4 Ne6 13.Be3 Qc7 14.Qg3 Rad8 15.Re1 Nd4
16.Bxd4 Rxd4 17.R4e2 f5 18.exf6 Qxg3 19.fxg3 Bxf6 20.Ne4 Rd5 21.Kh2 Rf7 22.h4 Kg7
23.Kh3 h6 24.g4 Be5 25.b3 Bd6 26.Nd2 Rd4 27.g3 b5 28.Re3 c4 29.bxc4 Bb4 30.Nb3 Rd7
31.R1e2 bxc4 32.dxc4 Rd1 33.c5 Rd5 34.Re6 a5 35.a4 Rd1 36.Rxc6 Rg1 37.Rce6 Kf8
38.R6e3 Rff1 39.Rh2 Be1 40.c6 Ke8 41.Rd3 Rf6 42.Nd4 Rd6 43.c3 e5 44.Re2 Rd5
45.Rde3  1-0

[Event "2nd Women's"]
[Site "Baku AZE"]
[Date "2007.09.07"]
[Round "4"]
[White "Umudova,N"]
[Black "Cramling,P"]
[Result "0-1"]
[WhiteElo "2213"]
[BlackElo "2533"]

1.e4 c5 2.Nf3 Nc6 3.Bb5 e6 4.Bxc6 bxc6 5.O-O Ne7 6.d3 Ng6 7.Re1 Be7 8.e5 O-O
9.c4 f6 10.exf6 Bxf6 11.Nc3 e5 12.Be3 Be7 13.h3 d6 14.Nh2 Be6 15.Ne2 Bg5
16.Bxg5 Qxg5 17.Qc1 Qe7 18.Qe3 Rf6 19.Rf1 Raf8 20.Rae1 Qd7 21.Qg3 Ne7 22.Qe3 Rg6
23.Kh1 Nf5 24.Qe4 Rh6 25.Ng1 Nd4 26.Rc1 Rf4 27.Qe3 Qf7 28.Rb1 a5 29.b3 Qg6
30.Ne2 Rfh4 31.Ng1 Bf5 32.Rbd1 Be6 33.Qd2 Qf6 34.Qxa5 g5 35.Qd2 Bf5 36.Qe3 Kf7
37.a4 Nxb3 38.Rb1 Na5 39.Rb8 Rd4 40.Ngf3 Rxd3 41.Nxg5+ Kg7 42.Qc1 Rg6 43.Ngf3 Bxh3
44.gxh3 Rxf3 45.Rg1 Rxh3 46.Rxg6+ hxg6 47.Ra8 Qxf2 48.Ra7+ Kf6 49.Qg1 Qf3+
50.Qg2 Qd1+ 51.Qg1 Qxg1+ 52.Kxg1 Nxc4 53.a5 Ra3 54.a6 e4 55.Ng4+ Kg5 56.Nf2 e3
57.Ne4+ Kf4  0-1

[Event "FSGM September"]
[Site "Budapest HUN"]
[Date "2007.09.07"]
[Round "7"]
[White "Khakimov,T"]
[Black "Czebe,A"]
[Result "0-1"]
[WhiteElo "2409"]
[BlackElo "2519"]

1.e4 c5 2.Nf3 Nc6 3.Bb5 e6 4.O-O Nge7 5.Nc3 Ng6 6.Re1 Be7 7.b3 O-O 8.Bb2 Qc7
9.Bf1 a6 10.d4 cxd4 11.Nxd4 b5 12.g3 Bb7 13.Bg2 Rac8 14.Nce2 Nge5 15.Qd2 Bb4
16.c3 Nxd4 17.Qxd4 Bc5 18.Qd1 f5 19.Nd4 fxe4 20.Bxe4 Bxe4 21.Rxe4 Bxd4 22.cxd4 Nf3+
23.Kg2 Qc2 24.Re2 Qf5 25.Qb1 Qd5 26.Qe4 Qxe4 27.Rxe4 Rc2 28.Ba3 Ng5 29.Rf4 Rxf4
30.gxf4 Ne4 31.Kf3 d5 32.Rc1 Rxf2+ 33.Ke3 Rxa2 34.Rc8+ Kf7 35.Rc7+ Kg6 36.Bf8 Rxh2
37.Rxg7+ Kf6 38.Ra7 Rh3+ 39.Ke2 Rxb3 40.Rxa6 Kf7  0-1

[Event "4th LGA Premium Cup"]
[Site "Nuernberg GER"]
[Date "2007.09.08"]
[Round "4"]
[White "Maier,Al"]
[Black "Woerl,R"]
[Result "1-0"]
[WhiteElo "2315"]
[BlackElo "2071"]

1.e4 c5 2.Nf3 Nc6 3.Bb5 Nd4 4.Nxd4 cxd4 5.O-O Qb6 6.Ba4 e5 7.Qh5 Qf6 8.f4 Bd6
9.Na3 g6 10.Qh3 Bxa3 11.fxe5 Qxe5 12.Qxa3 Ne7 13.d3 g5 14.Bd2 Rg8 15.Bb3 Rg7
16.Bb4 g4 17.Bd6 Qg5 18.Rae1 Ng6 19.Rf5 Qd2 20.Ref1 Nh4 21.Re5+ Kd8 22.Be7+ Kc7
23.Qd6+  1-0

[Event "4th LGA Premium Cup"]
[Site "Nuernberg GER"]
[Date "2007.09.08"]
[Round "5"]
[White "Heidrich,M"]
[Black "Wagner,Fl"]
[Result "1-0"]
[WhiteElo "2402"]
[BlackElo "2130"]

1.e4 c5 2.Nf3 Nc6 3.Bb5 e6 4.O-O Nge7 5.Re1 a6 6.Bf1 d5 7.d3 Ng6 8.exd5 Qxd5
9.Be3 Be7 10.d4 cxd4 11.Nxd4 O-O 12.Nc3 Qa5 13.Nxc6 bxc6 14.a3 c5 15.Qh5 f5
16.Bc4 Bd6 17.Qf3 Bd7 18.Qb7 Ne5 19.b4 Qd8 20.bxc5 Bc7 21.Qb3 Qf6 22.Rad1 Rab8
23.Qa2 Bc8 24.Bd4 f4 25.f3 Qg5 26.Bxe6+ Kh8 27.Kh1 Qh5 28.Rd2 Bxe6 29.Qxe6 Rbe8
30.Qh3 Nxf3 31.Rxe8 Qxe8 32.Re2 Qd8 33.Bxg7+ Kxg7 34.Qxf3 Qd4 35.Re7+ Rf7
36.Rxf7+ Kxf7 37.Qd5+ Qxd5 38.Nxd5 Be5 39.c6 Ke6 40.c4 Kd6 41.c7 Kd7 42.Kg1 Bd6
43.a4 Bxc7 44.Nxc7 Kxc7 45.Kf2 Kb6 46.Ke2 Kc5 47.Kd3 Kb4 48.Kd4 Kxa4 49.c5  1-0

[Event "2nd Women's"]
[Site "Baku AZE"]
[Date "2007.09.10"]
[Round "7"]
[White "Velikhanli,F"]
[Black "Cmilyte,V"]
[Result "1-0"]
[WhiteElo "2283"]
[BlackElo "2467"]

1.e4 c5 2.Nf3 Nc6 3.Bb5 e6 4.O-O Nge7 5.c3 a6 6.Ba4 b5 7.Bc2 Bb7 8.Re1 Rc8
9.d4 cxd4 10.cxd4 Nb4 11.Bb3 Rxc1 12.Qxc1 Nd3 13.Qe3 Nxe1 14.Qxe1 Ng6 15.a4 bxa4
16.Bxa4 Bd6 17.Nbd2 O-O 18.Nc4 Bc7 19.Nce5 Nxe5 20.Nxe5 Bc8 21.Rc1 f6 22.Nd3 Bb6
23.Qb4 Ba7 24.Nc5 Qc7 25.Rc3 Qd6 26.Qc4 Rd8 27.b4 Qb6 28.d5 exd5 29.Qxd5+ Kh8
30.Qc4 d6 31.Nd3 Bb7 32.Qf7 Bb8 33.Be8 h6 34.Nf4 Bxe4 35.Ne6  1-0

[Event "12th ch-Asia w"]
[Site "Tehran IRI"]
[Date "2007.09.10"]
[Round "8"]
[White "Bayat,S"]
[Black "Mouradian,K"]
[Result "1-0"]
[WhiteElo "2066"]
[BlackElo "2164"]

1.e4 c5 2.Nf3 Nc6 3.Bb5 Nd4 4.Nxd4 cxd4 5.O-O a6 6.Bc4 g6 7.d3 Bg7 8.a4 d6
9.Nd2 e5 10.f4 f6 11.Kh1 Ne7 12.c3 Nc6 13.Nf3 Bg4 14.Qb3 Qc7 15.Bd5 Rb8 16.Bd2 dxc3
17.bxc3 Ke7 18.Be3 Rhc8 19.Bb6 Qd7 20.Bxc6 Rxc6 21.fxe5 Be6 22.Qb4 fxe5 23.a5 Rbc8
24.Rac1 Bf6 25.Rc2 Rf8 26.Rcf2 Rcc8 27.Be3 Qc6 28.c4 Bg7 29.Nxe5 Bxe5 30.Bg5+ Bf6
31.Bxf6+ Kd7 32.h3 Rf7 33.Rb1 Rc7 34.Bd4 Rc8 35.Qa3 Rxf2 36.Bxf2 Rf8 37.Bg3  1-0

[Event "60th ch-RUS Higher League"]
[Site "Krasnoyarsk RUS"]
[Date "2007.09.14"]
[Round "11"]
[White "Amonatov,F"]
[Black "Timofeev,Arty"]
[Result "1/2-1/2"]
[WhiteElo "2598"]
[BlackElo "2650"]

1.e4 c5 2.Nf3 Nc6 3.Bb5 d6 4.O-O Bd7 5.c3 a6 6.Bxc6 Bxc6 7.Re1 Nf6 8.d4 cxd4
9.cxd4 Bxe4 10.Bg5 d5 11.Nc3 e6 12.Nxe4 dxe4 13.Rxe4 Be7 14.Bxf6 gxf6 15.d5 Qxd5
16.Qxd5 exd5 17.Rd4 Rd8 18.Rad1 Kd7 19.Rxd5+ Kc6 20.R5d4 Kb6 21.Kf1 Rxd4
22.Rxd4 Rc8 23.Rd7 Rc7 24.Rxc7  1/2-1/2

[Event "60th ch-RUS Higher League"]
[Site "Krasnoyarsk RUS"]
[Date "2007.09.14"]
[Round "11"]
[White "Ovetchkin,R"]
[Black "Yakovich,Yur"]
[Result "1/2-1/2"]
[WhiteElo "2557"]
[BlackElo "2597"]

1.e4 c5 2.Nf3 Nc6 3.Bb5 g6 4.Bxc6 bxc6 5.O-O Bg7 6.Re1 Nh6 7.c3 O-O 8.d4 cxd4
9.cxd4 f6 10.Qc2 Qc7 11.b3 d6 12.Bb2 Nf7 13.Nc3 Bd7 14.Nd5 Qd8 15.Nf4 e5
16.Nd3 Rc8 17.h3 Be6 18.Rad1 Qb6  1/2-1/2

[Event "17th ch-EU U16 Girls"]
[Site "Sibenik CRO"]
[Date "2007.09.14"]
[Round "1"]
[White "Karapetyan,L"]
[Black "Repina,V"]
[Result "0-1"]
[WhiteElo "1949"]
[BlackElo "2196"]

1.e4 c5 2.Nf3 Nc6 3.Bb5 d6 4.Bxc6+ bxc6 5.h3 e5 6.O-O f5 7.exf5 Bxf5 8.Re1 Be7
9.d3 Nf6 10.Na3 O-O 11.Nc4 Qe8 12.a3 Nd5 13.Be3 Qg6 14.Kh2 e4 15.dxe4 Bxe4
16.c3 Nxe3 17.Rxe3 d5 18.Ncd2 Bd6+ 19.g3 c4 20.Qe1 Bxf3 21.Nxf3 Bc5 22.Nd4 Bxd4
23.cxd4 Qf6 24.Kg2 Qxd4 25.Qe2 Rab8 26.Rb1 Qf6 27.Re6 Qf5 28.Qe1 d4 29.Re5 Qf3+
30.Kg1 c3 31.b4 d3 32.Re3 d2  0-1